00187nam a2200073Ia 4500008004100000100001300041245003400054260002500088170524s9999 xx 000 0 und d aPANT- NC 0aMUDRAN KALA EVAM PRESS KANOON bTAKSHILA : NEW DELHI